书目信息 |
| 题名: |
理论力学教程
|
|
| 作者: | 贾书惠 编著 | |
| 分册: | ||
| 出版信息: | 北京 清华大学出版社 2005.09 |
|
| 页数: | 300页 | |
| 开本: | 23cm | |
| 丛书名: | ||
| 单 册: | ||
| 中图分类: | O31 | |
| 科图分类: | ||
| 主题词: | 理论力学--高等学校--教材 | |
| 电子资源: | ||
| ISBN: | 7-302-09119-6 | |
| 000 | 00821nam0 2200229 450 | |
| 001 | 0119925741 | |
| 005 | 20050317053417.54 | |
| 010 | @a7-302-09119-6@dCNY25.00 | |
| 100 | @a20050317d2005 km y0chiy0120 ea | |
| 101 | 0 | @achi |
| 102 | @aCN@b110000 | |
| 105 | @ay a 000yy | |
| 200 | 1 | @a理论力学教程@Ali lun li xue jiao cheng@f贾书惠编著@Fjia shu hui bian zhu |
| 210 | @a北京@c清华大学出版社@d2005.09 | |
| 215 | @a300页@d23cm | |
| 320 | @a有书目。 | |
| 330 | @a本书用较多篇幅讲解理论力学的基本概念、基本理论、基本方法,着重讨论平面问题,对空间问题及一些提高性内容,则抓住实质、特点作精练的陈述。全书包括4篇:静力学、运动学、动力学及分析力学基础共12章。 | |
| 606 | 0 | @a理论力学@x高等学校@x教材 |
| 690 | @aO31@v4 | |
| 701 | 0 | @a贾书惠@Ajia shu hui@4编著 |
| 801 | 0 | @aCN@bRULIN@c20050317 |
| 905 | @a10447@dO31@eJ2461 | |
| 理论力学教程/贾书惠编著.-北京:清华大学出版社,2005.09 |
| 300页;23cm |
| ISBN 7-302-09119-6:CNY25.00 |
| 本书用较多篇幅讲解理论力学的基本概念、基本理论、基本方法,着重讨论平面问题,对空间问题及一些提高性内容,则抓住实质、特点作精练的陈述。全书包括4篇:静力学、运动学、动力学及分析力学基础共12章。 |
| ● |
| 相关链接 |
|
|
|
正题名:理论力学教程
索取号:O31/J2461
 
预约/预借
| 序号 | 登录号 | 条形码 | 馆藏地/架位号 | 状态 | 备注 |
| 1 | 521025 | 205210252 | 自科库401/401自科库 51排3列2层/ [索取号:O31/J2461] | 在馆 | |
| 2 | 521026 | 205210261 | 自科库401/401自科库 51排3列2层/ [索取号:O31/J2461] | 在馆 | |
| 3 | 521027 | 205210270 | 自科库401/401自科库 51排3列2层/ [索取号:O31/J2461] | 在馆 | |
| 4 | 521028 | 205210289 | 自科库401/401自科库 51排3列2层/ [索取号:O31/J2461] | 在馆 | |
| 5 | 521029 | 205210298 | 自科库401/401自科库 51排3列2层/ [索取号:O31/J2461] | 在馆 |